[Event "Petrov Memorial op"]
[Site "St Petersburg"]
[Date "2000.02.12"]
[Round "5"]
[White "Polovodin, Igor A"]
[Black "Aseev, Konstantin N"]
[Result "0-1"]
[WhiteElo "2434"]
[BlackElo "2517"]
[Annotator "Gershon,A"]
[PlyCount "92"]
[EventDate "2000.02.05"]
[EventType "swiss"]
[EventRounds "9"]
[EventCountry "RUS"]
[SourceTitle "CBM 076"]
[Source "ChessBase"]
[SourceDate "2000.05.31"]
[SourceVersion "1"]
[SourceVersionDate "2000.05.31"]
[SourceQuality "1"]

{[%mdl 32768]} 1. d4 Nf6 2. Nf3 e6 3. c4 b6 4. g3 Ba6 5. b3 Bb4+ 6. Bd2 Be7 7.
Nc3 d5 8. cxd5 exd5 9. Bg2 O-O 10. O-O Bb7 11. Qc2 Na6 12. Rfd1 Qc8 13. Bf4 Rd8
{This line promises very little to white, even though almost every possible
move has been tried out in this position, but finally white gave up searching
for advantage for 4 years until this game} (13... c5 14. Be5 Rd8 15. Rac1 Ne4
16. Qb2 f6 17. Bf4 Qe6 18. a3 Bf8 19. Be3 Qe7 20. dxc5 Nxc3 21. Rxc3 bxc5 22.
Bc1 d4 23. Rcd3 Be4 24. R3d2 Rab8 $15 {1/2-1/2 Gagarin,V-Obukhov,A/Briansk
1995/EXT 98 (57)}) 14. Rac1 (14. Ng5 $6 {Threatening Bh3, but eventually it's
just a loss of two tempi.} Qd7 15. a3 h6 16. Nf3 c5 17. Qb2 Qe6 18. Rac1 Ne4
19. Rc2 Bf6 20. Be3 Qe7 21. Bh3 Nc7 22. Qc1 Ne6 23. Na4 c4 24. bxc4 dxc4 25.
Qb2 Bd5 $17 {0-1 Kiselev,S-Sakaev,K/St Petersburg 1993/CBM 34 (41)}) (14. Qb2
Qe6 (14... h6 15. Ne5 c5 16. Nb5 Qe6 17. Rac1 Ne4 18. a4 Bf6 19. Nf3 Qe7 20.
Be5 Bxe5 21. Nxe5 Nb4 22. e3 a6 23. Nc3 Nf6 24. Nd3 Nxd3 25. Rxd3 $11 {0-1
Bjerke,R-Hjartarson,J/Gausdal 1996/CBM 54 ext (33)}) 15. Ng5 Qf5 16. h4 c5 17.
Bh3 Qg6 18. Nf3 Ng4 19. Qb1 Qh5 20. Ng5 Nf6 21. Bg2 cxd4 22. Nb5 Ne4 23. Bf3
Qg6 24. h5 Qf6 25. Nxe4 dxe4 26. Bxe4 Bxe4 27. Qxe4 Nc5 28. Qf3 Ne6 29. Rac1
Bc5 30. Rc4 {1/2-1/2 Goldin,A-Poluljahov,A/Podolsk 1990/TD (30)}) (14. a3 c5
15. Qb2 (15. dxc5 bxc5 16. Nh4 Qe6 17. Nf5 Bf8 18. Nb5 Qb6 19. a4 Nb4 20. Qb2
Ne8 {1/2-1/2 Hjartarson,J-Aseev,K/Linares 1996/CBM 51 ext (20)}) 15... Qe6 16.
Rac1 Bf8 17. Na2 Re8 18. Rc2 Rac8 19. Rdc1 Ne4 20. b4 c4 21. Ng5 Nxg5 22. Bxg5
Nc7 23. Bf4 Nb5 24. Rd1 Qf5 25. a4 {1/2-1/2 Timoshchenko,G-Dautov,R/Moscow
1989/TD (25)}) (14. Be5 Ne4 (14... Nb4 15. Qb2 c6 16. Rac1 Na6 17. a3 Nc7 18.
b4 Ne6 19. Bh3 Qd7 20. Ng5 Re8 21. Qb1 h6 22. Nxe6 fxe6 23. Qg6 $16 {1/2-1/2
Pankratov,A-Dragomarezkij,E/Moscow 1995/CBM 50 ext (40)} (23. e4 $36)) 15. Qb2
g5 $5 {[%csl Re5]} 16. Nxe4 dxe4 17. Nd2 f6 18. d5 fxe5 19. Qxe5 Re8 20. Nxe4
Nc5 21. Nxc5 bxc5 22. Rac1 Qd8 23. Bh3 Bc8 24. Bxc8 Rxc8 25. Qf5 Bd6 26. Qg4
Kh8 27. Rc3 Qf6 $17 {0-1 Ruban,V-Dautov,R/Novosibirsk 1989/EXT 97 (95) ... and
after a 95-move struggle black finally realized his piece.}) 14... h6 15. Nh4 {
A new idea. White wants to bring his knight to f5 thus creating some threats
around the black monarch.} ({perhaps} 15. Ne5 $5 {deserves some analysis})
15... Qe6 16. Nf5 Bf8 (16... Ba3 $2 {looks more logical forcing the white R on
a passive position, but it fails due to a tactical reason} 17. Bh3 {[%cal
Gf5h6]} (17. Ra1 Bf8 {is better than the game.}) 17... Nb4 18. Qd2 $1 (18. Qb1)
18... Bxc1 19. Rxc1 Kh7 20. Bxh6 {White all white pieces are aimed against
black king} (20. Kg2 Bc8) 20... Ne8 21. Bg5 f6 22. Bf4 $40) 17. h3 (17. Bh3 Kh8
{[%cal Gg7g6]} 18. Nxh6 $140 $2 Qxh3 19. Nxf7+ Kg8 20. Nxd8 Ng4 $1 $19) (17.
Qb1 $142) 17... c5 18. g4 $6 {after the inevitable opening of the center
white's last two move will backfire at him} Rd7 19. e3 Rad8 20. Qb1 (20. dxc5
bxc5 21. Qb1 Ne4 22. Na4 h5 {[%csl Rg4] Now white's K side becomes weak.})
20... Ne4 21. dxc5 (21. a3 {pretty much the only useful move white still had
in the position beside taking on c5. But it has its obvious drawback -
wekenning the Q side pawns.} h5 22. dxc5 bxc5 (22... Nxc3 23. Rxc3 bxc5 24.
gxh5) 23. Nxe4 dxe4 24. Rxd7 Rxd7 {[%csl Rb3,Rc5,Rg4] The b3 and c5 pawns
compesate each other but whte has some additional weaknesses on the K side})
21... Nxc3 22. Rxc3 bxc5 23. Rcd3 Nb4 24. R3d2 a5 25. a3 $2 {[%csl Ra3,Rb3] I
would refrain from this move although it's not very easy to bare the knight on
b4.} (25. Qb2 $142 Kh7 $11 {[%cal Gg7g6,Gf8g7]}) 25... Nc6 {[%cal Ga5a4]} 26.
Qb2 Kh7 27. Qc2 g6 28. Ng3 a4 $1 {[%cal Gc6a5,Ga5c4] Clearing the way for his
pawns and pieces} 29. bxa4 Na5 {[%csl Gc4][%cal Yc4a3,Yc4d2]} 30. Bf1 c4 {
[%csl Gb3] Usually it is not advisable to play c4 with the B on b7. However,
here white is not able to establish a blockade on d4.} 31. Ne2 {[%cal Ge2d4]}
Nb3 32. Nd4 Nxd4 33. Rxd4 (33. exd4 Bxa3 $17 {[%csl Ra4][%cal Ga3b4,Gb7c6,
Gd7a7,Gd8a8,Ya7a4]}) 33... Bg7 34. R4d2 Rc8 {[%csl Rc4][%cal Gd5d4] /\ 35...
d4 36.exd4 Qd5 -+} 35. Bg2 Rc5 $1 {[%csl Ra3,Ra4][%cal Ge6a6,Gc5a5,Gb7c6] The
R is doing an excellent job here, both defensively and offensively. After the
'a' pawns fall black's c pawn will become unstoppable} (35... d4 $2 36. Bxb7
Rxb7 37. exd4) 36. Rb1 {[%cal Gb1b4]} Qa6 37. Rb4 Bc6 38. h4 {[%csl Rg6][%cal
Gh4h5]} Ra5 39. h5 Rxa4 (39... Bxa4 40. Rxa4 Rxa4 41. hxg6+ fxg6 42. Bxd5 {
[%cal Gd5g8]} Rd8 $19) 40. hxg6+ fxg6 41. Rxd5 (41. Rxa4 Bxa4 42. Qc1 Qe6 $17 {
[%csl Rg4]}) 41... Rxd5 42. Bxd5 Rxb4 43. Bxc6 (43. Bf7 Ba4 44. Qxg6+ Qxg6 45.
Bxg6+ Kxg6 46. axb4 Bf8 $19) 43... Rb2 44. Qe4 c3 45. Ba4 Qe2 46. Bg3 c2 0-1

[Event "Biel GM"]
[Site "Biel"]
[Date "2002.07.23"]
[Round "2"]
[White "Vallejo Pons, Francisco"]
[Black "Tkachiev, Vladislav"]
[Result "1-0"]
[WhiteElo "2648"]
[BlackElo "2625"]
[Annotator "Gershon,A"]
[PlyCount "87"]
[EventDate "2002.07.22"]
[EventType "tourn"]
[EventRounds "10"]
[EventCountry "SUI"]
[EventCategory "16"]
[SourceTitle "CBM 091"]
[Source "ChessBase"]
[SourceDate "2002.11.12"]
[SourceVersion "1"]
[SourceVersionDate "2002.11.12"]
[SourceQuality "1"]

1. d4 Nf6 2. c4 e6 3. Nf3 b6 4. g3 Ba6 5. Qb3 $5 {One of the substitutes for 5.
b3 what was the main line here for the long time.} Nc6 {[%cal Gc6a5] Black can
choose here between a few setups of pawns and pieces. Stohl: /\Na5} (5... d5 $5
6. cxd5 Qxd5 (6... exd5 7. Nc3 $14) 7. Nc3 Qxb3 8. axb3 Bb7 9. Bg2 a5 10. O-O
Na6 11. Bf4 Bd6 12. Rfc1 O-O-O 13. Bxd6 Rxd6 14. e3 Bxf3 15. Bxf3 Nd5 {1/2-1/2
Huzman,A-Kishnev,S/Halkidiki GRE 2002/The Week in Chess 412 (15)}) (5... c6 $5
6. Bf4 (6. Nc3 d5 7. cxd5 exd5 8. Bg5 Be7 9. Bg2 (9. Bxf6 $1 Bxf6 10. e4 dxe4
11. Nxe4 O-O 12. O-O-O $36 {1-0 Bauer,C-Sokolov,A/Val d'Isere FRA 2002/The
Week in Chess 408 (61)}) 9... O-O 10. O-O Nbd7 11. Rfe1 Re8 12. Rad1 Bb7 $11 {
1/2-1/2 Bykhovsky,A-Gofshtein,Z/Tel Aviv ISR 2002/The Week in Chess 406 (18)})
6... d5 7. cxd5 Nxd5 (7... cxd5 $2 8. Bxb8 $1 Bc4 9. Qa4+ $1 b5 10. Qc2 Rxb8
11. b3 $18) 8. Bg5 Be7 9. Bxe7 Qxe7 10. Nbd2 O-O 11. e4 $14 {1/2-1/2 Topalov,
V-Karpov,A/Dubai UAE 2002/The Week in Chess 387 (30)}) 6. Nbd2 (6. Bd2 $5 {
[%csl Ga5]} Bb7 {[%cal Rc6d4] /\Nd4} 7. Bc3 Ne4 8. a3 (8. Bg2 $2 Nxc3 9. bxc3 (
9. Nxc3 Nxd4 $19) 9... Na5 $17) 8... Nxc3 9. Qxc3 Be7 10. Qd3 $1 {[%csl Rb7,
Gc4,Gd4,Ge4]} d5 11. cxd5 Qxd5 $32 12. e4 $2 $146 {[%csl Rd4,Re1,Re4] 0-1
Timman,J-Polgar,J/Malmo 2000/CBM 77/[Stohl] (40)} (12. Nc3 $142 $14 {1/2,
Epishin,V-Razuvaev,Y/RUS-ch St Petersburg/1998/ (28)})) 6... d5 (6... Na5 $5 {
Worth to be checked more!} 7. Qa4 Bb7 8. Bg2 c5 9. dxc5 bxc5 10. O-O Qc7 11.
Rd1 Be7 (11... Nc6 $132) 12. Ng5 Bxg2 13. Kxg2 Rb8 14. Qc2 Qb7+ 15. Kg1 Nc6 {
1/2-1/2 Khalifman,A-Adams,M/Halkidiki GRE 2002/The Week in Chess 412 (15)}) 7.
Bg2 {This position is now a theme of many discussions.Black now must choose
between a few moves.....} (7. Qa4 $5 Bb7 8. Bg2 (8. Ne5 Bd6 $1 9. Nxc6 Qd7 $15)
8... Qd7 9. O-O Bd6 10. Qc2 Nb4 11. Qd1 c5 $11 {0-1 Piket,J-Leko,P/Monaco MNC
2002/The Week in Chess 385 (47)}) 7... Bb7 $6 {[%mdl 8] The choice is made.But
as is it turns out, white gains a positional advantage fairly easily.} (7...
Bd6 $5 {The quickest way to finish development.} 8. Qa4 Bb7 9. cxd5 (9. O-O O-O
10. a3 a5 11. e3 Ne7 $13) 9... exd5 10. Nc4 dxc4 11. Ne5 Bxe5 12. Bxc6+ Bxc6
13. Qxc6+ Kf8 14. dxe5 Qd5 $11 {1/2-1/2 Bykhovsky,A-Lerner,K/Tel Aviv ISR 2002/
The Week in Chess 406 (25)}) (7... Qd7 8. Qa4 Bb7 9. O-O Bd6 10. cxd5 exd5 11.
Nb1 Ne4 12. Be3 Ne5 $1 $11 {1/2-1/2 Gelfand,B-Grischuk,A/Moscow RUS 2002/The
Week in Chess 410 (81)}) (7... Be7 8. Qa4 Bb7 9. cxd5 exd5 10. Nc4 dxc4 11. Ne5
Bb4+ $14 {1-0 Pelletier,Y-Naiditsch,A/Zurich GER 2002/The Week in Chess 409 
(38)} (11... Nd5 $1 12. Nxc6 Qd7 $15)) 8. O-O {Black's main problem is that he
is just a tempo down.If his king was already castled then white couldn't have
played Ne5 and black would have been fine...} Be7 9. cxd5 $1 exd5 (9... Qxd5
10. Qa4 {[%cal Gf3e5]} (10. Ne5 $2 Nxd4 $3 11. Bxd5 Nxe2+ 12. Kh1 Bxd5+ $19) (
10. Qc2 $5 {[%cal Ge2e4]} Nxd4 $4 11. Qa4+ Nc6 12. Nd4 $18) 10... b5 11. Qd1
$14 {[%cal Gf3e5]}) 10. Ne5 $1 $14 O-O 11. Nxc6 Bxc6 12. Nf3 {The results of
the opening are clearly in white's favour.Black won't be able to play c5 and
the c-file will be used by white for attacking the weak cP.} Bb7 13. Bf4 Re8 (
13... Bd6 14. Ne5 $14 {[%cal Ga1c1,Gc1c2,Gf1c1]}) 14. Rac1 Bd6 {Forced,but now
white just gets an easy game by attacking the c7P.} 15. Bxd6 Qxd6 16. e3 Re7
17. Rc2 h5 $6 {This was unnecessary! Only one weakness on c7 shouldn't be
enough for winning.} (17... c5 $5 {[%cal Gc5c4]} 18. dxc5 bxc5 19. Rfc1 Rc8 20.
Qa3 Ne4 21. Nd4 $5 {[%cal Gd4b5,Gd4f5]} (21. Nd2 Nxd2 22. Rxd2 Ba8 $14) 21...
c4 $1 22. Nf5 (22. Qxd6 Nxd6 23. Rd1 $14 {/+/-}) 22... Qxa3 23. bxa3 Rd7 24.
Bxe4 dxe4 25. Rxc4 Rxc4 26. Rxc4 Rd1+ 27. Kg2 Ba6 28. Rd4 Bf1+ 29. Kg1 Bd3+ 30.
Kg2 $11) 18. Rfc1 Rd8 19. Qa4 a5 20. Qa3 $1 {[%mdl 4128] A very good decision!
Without the queens it is easier to pressure c7 and black won't have any
counterpay.} Qxa3 21. bxa3 Ne8 (21... Rc8 $6 22. Bh3 Ng4 23. Nh4 $16 {[%cal
Gf2f3,Gh4f5]}) 22. Bf1 Ba8 (22... Kf8 23. Ne5 $16 {[%csl Rc6][%cal Gf1b5] Now
the results of black's 17 move are felt .Black can't play f6 because of a weak
g6 square.}) 23. a4 $16 f6 $6 (23... Kf8 24. Bb5 {[%cal Gb5e8,Gc2c7]} Rc8 25.
Ne5 $18 {[%cal Ge5d7,Gd7b6]}) (23... Bb7 $142 24. Bb5 Kf8 25. Bxe8 Rdxe8 26.
Rxc7 Rxc7 27. Rxc7 Re7 $16) 24. Nh4 $18 {[%csl Rc7,Rh5][%cal Gf1e2]} Nd6 {
Black decides to give up the exchange.} 25. Ng6 Red7 26. Bh3 Kf7 27. Bxd7 Rxd7
28. Nf4 Nc4 29. e4 $1 {Wasting no time!} c6 30. Nxh5 $1 {[%csl Ra8] From now
on it's just a matter of technique and white plays the ending very accurately.}
b5 31. e5 $1 fxe5 32. dxe5 d4 (32... Nxe5 33. axb5 cxb5 34. Rc7 $18 {And
without the rooks on the board black has no chances.}) 33. Nf4 {[%cal Gf4d3,
Ge5e6]} Ke7 (33... Nxe5 {Last try.} 34. Rc5 Nf3+ 35. Kg2 Nd2 36. Rf5+ Kg8 37.
Ne6 c5+ 38. Kh3 {[%csl Rc5][%cal Gf5f8]} Bd5 39. Rf8+ Kh7 40. Nxc5 $18) 34. Nd3
{Now blocade on d3 prevents any counterplay from black.} Rd5 35. f4 Bb7 36. Kf2
Bc8 37. axb5 cxb5 38. Rxc4 $1 {The quickest! 3 pawns on Kside decide.} bxc4 39.
Rxc4 Bf5 40. Ke2 Rd7 41. Kd2 Ke6 42. Rc6+ Kd5 43. Rc5+ Ke4 (43... Ke6 44. Rxa5
$18 {[%csl Ga2,Ge5,Gf4,Gg3,Gh2]}) 44. e6 {[%cal Gc5e5]} 1-0

[Event "North Sea Cup 17th"]
[Site "Esbjerg"]
[Date "2002.07.07"]
[Round "3"]
[White "Nielsen, Peter Heine"]
[Black "Stefansson, Hannes"]
[Result "1-0"]
[WhiteElo "2626"]
[BlackElo "2588"]
[Annotator "Gershon,A"]
[PlyCount "57"]
[EventDate "2002.07.05"]
[EventType "tourn"]
[EventRounds "9"]
[EventCountry "DEN"]
[EventCategory "14"]
[SourceTitle "CBM 091"]
[Source "ChessBase"]
[SourceDate "2002.11.12"]
[SourceVersion "1"]
[SourceVersionDate "2002.11.12"]
[SourceQuality "1"]

1. d4 Nf6 2. c4 e6 3. Nf3 b6 4. g3 Ba6 5. b3 Bb7 (5... Bb4+ {Alternative.} 6.
Bd2 Be7 {[%cal Gd7d5,Gc7c6]}) 6. Bg2 Bb4+ 7. Bd2 a5 {A rare variation. Which
concideres to be better for white,but in reality it is not so easy... This
line probably doesn't promise black a total equalization,but good pawn
structure and quick development of the pieces give black an interesting game.}
8. O-O O-O {Here white can choose between a few possible continuations:} 9. Qc2
(9. a3 $5 Bxd2 10. Qxd2 d6 11. Nc3 Ne4 12. Nxe4 Bxe4 13. Qf4 f5 14. Ng5 Bxg2
15. Kxg2 Rf6 16. d5 e5 17. Qe3 Qe7 18. Ne6 $14 {[%cal Gf2f4] 1-0 Antic,
D-Jeremic,V/Banja Koviljaca YUG 2002/The Week in Chess 388 (41)}) (9. Nc3 d6 (
9... d5 10. cxd5 exd5 11. a3 Be7 {Black got a good game. 1/2-1/2 Dautov,
R-Epishin,V/Deizisau GER 2002/The Week in Chess 388 (28)}) 10. Qc2 Nbd7 11.
Rfe1 (11. Nb5 Qb8 12. Rfd1 Be4 13. Qb2 c6 14. Nc3 Bxc3 15. Bxc3 b5 16. a4 $14 {
[%cal Gg2h3,Gf3d2,Ge2e4] 1-0 Burmakin,V-Ibragimov,I/Elista RUS 2001/The Week
in Chess 339 (44)}) 11... Bxc3 12. Bxc3 Be4 13. Qc1 b5 14. cxb5 a4 15. b4 Qb8
16. Bf1 Bxf3 17. exf3 Nd5 18. a3 N7b6 19. Bb2 $16 {1-0 Dautov,R-Zeller,F/
Deizisau GER 2002/The Week in Chess 388 (57)}) (9. Qc1 $5) 9... d6 10. Bg5 {
[%csl Rb4][%cal Ga2a3]} (10. Bc3 $5 Nbd7 (10... d5 11. a3 Bd6 12. Bb2 Nbd7 13.
Nc3 Re8 14. Rfd1 Qb8 15. Nb5 $14 {1-0 Topalov,V-Piket,J/Wijk aan Zee NED 2001/
The Week in Chess 323 (58)}) 11. a3 Bxc3 12. Nxc3 e5 13. dxe5 dxe5 14. Rfd1 Qb8
$14 {1/2-1/2 Piket,J-Short,N/Zuerich 2001/CBM 83 (35)}) (10. Nc3 Nbd7 11. Rfe1
Bxc3 12. Bxc3 Be4 13. Qc1 h6 14. Bh3 Bh7 15. Nd2 Ne4 16. Nxe4 Bxe4 17. f3 Bh7
18. e4 $14 {1-0 Dautov,R-Romanishin,O/Essen GER 2001/The Week in Chess (48)})
10... a4 11. Nc3 axb3 (11... Bxc3 12. Qxc3 Nbd7 (12... Ne4 13. Qd3 $1 Nxg5 (
13... Qc8 14. d5 $14) 14. Nxg5 {[%cal Gd3h7]} Qxg5 15. Bxb7 Ra7 16. f4 Qe7 17.
Bg2 {[%cal Ge2e4]}) 13. b4 h6 (13... Ne4 $5 14. Qc2 Qc8 15. Be3 c5 16. bxc5
bxc5 17. Rab1 Nef6 $132 {1/2-1/2 Zhu Chen-Maric,A/Shanghai CHN 2001/The Week
in Chess 343 (29)}) 14. Bc1 b5 $6 {Sacrafising the P,black hopes to take
control over all the light squares in the center:e4,d5,c4.The idea could be
correct,if black had in addition to that some active plan,using his pieces on
the light squares.What happens in the game,actually white keeps the pawn ,so
very soon black has to exchange light bishops and with only knights black
can't develop any serious initiative.} (14... Qe7 15. Bb2 Rfe8 $14) 15. cxb5
Nb6 16. Ba3 $1 $14 {[%cal Ga1c1,Gc1c2,Gf1c1] /+/-1-0 Van Wely,L-Iordachescu,V/
Ohrid 2001}) 12. axb3 c5 (12... Rxa1 13. Rxa1 Nbd7 14. Na2 $1 Ba3 15. b4 {
[%csl Ra3]} c5 16. Qb3 cxb4 17. Nxb4 Bxb4 18. Qxb4 $14 {[%csl Rb6,Rd6]}) 13.
Rxa8 (13. Nb5 $5 Rxa1 14. Rxa1 $14 {Keeping some pressure in the center.})
13... Bxa8 14. d5 $6 (14. Rd1 $1 Bxc3 $6 (14... h6 15. Bf4 $14) 15. Qxc3 Ne4 $5
16. Qa1 Nxg5 17. Qxa8 {[%csl Rb8] And white is much better.}) 14... exd5 $1 (
14... Bxc3 $5 15. Qxc3 exd5 16. Bxf6 Qxf6 17. Qxf6 gxf6 18. Nh4 Nc6 $8 19. Nf5
dxc4 20. Bxc6 (20. bxc4 Ne5 21. Rc1 Bxg2 22. Kxg2 $14) 20... Bxc6 21. Ne7+ Kh8
22. Nxc6 cxb3 23. Rb1 c4 24. e3 Ra8 $44) 15. Nxd5 (15. cxd5 $5 {[%cal Gf1d1]}
Bxc3 16. Qxc3 Nxd5 $6 (16... Nbd7 $1 $17 {[%csl Rd5]}) 17. Qa1 $14) 15... Bxd5
16. cxd5 h6 17. Bd2 $2 {This is already a mistake,after simple 17.Bxf6 the
position would be around equal.} (17. Bxf6 $5 Qxf6 18. Qc4 $11 {[%cal Gf3e1,
Ge1d3,Gg2d5]}) 17... Nxd5 18. Qe4 Bxd2 $2 {[%mdl 16384] A big positional
mistake! With opposite coloured bishops white is the only one who can have
initiative and the extra pawn is not felt at all.} (18... Nf6 $5 19. Qb7 Bxd2
20. Nxd2 Re8 $15 {/-/+}) 19. Qxd5 {[%csl Rd2]} Bc3 20. Rd1 Qf6 $6 (20... Qe7 $5
{[%cal Gf8d8] After this black had good survival chances}) 21. Qxd6 $14 {
Now material is equal,but white pieces are just better placed and black yet
brought the knight into the game.} Re8 (21... Qxd6 $5 22. Rxd6 b5 23. Rb6 (23.
Rd5 $14 {[%cal Gf3e5]}) 23... b4 24. Bh3 Rd8 25. Kg2 Bf6 $14) 22. e3 Nc6 (22...
Qxd6 $5) 23. Qc7 Ne5 {Black manages to exchange the knights,but now the
difference between the bishops is felt even more.} 24. Nxe5 Bxe5 25. Qd7 {
[%cal Gg2d5]} Qe6 26. Bf1 (26. Qxe6 $5 Rxe6 27. Rd8+ Kh7 28. Be4+ g6 29. Rd7
Rf6 30. Bd5 Kg7 31. f4 $16) 26... Re7 $2 {This move allows white to bring the
bishop with tempo and black position becomes difficult.I guess black missed
white's reply on 27...Re8?!} (26... Qxd7 27. Rxd7 Kf8 28. Rb7 Rb8 29. Ra7 b5
30. Ra5 $16) (26... Kf8 $142 $5 {Would have been the more stubborn defence})
27. Qd8+ Kh7 (27... Re8 28. Bc4 $1 Bf6 $8 (28... Qxc4 29. Qxe8+ $18 {[%cal
Gb3c4]}) (28... Rxd8 29. Rxd8+ $18 {[%cal Gc4e6]}) 29. Qd7 Qe7 (29... Qxd7 30.
Rxd7 Rf8 31. Rb7 Bd8 32. Bd5 g6 33. e4 $16 {[%cal Ge4e5,Ge5e6] Looks very
passive for black.})) 28. Bc4 $1 Qf6 29. Rd7 $1 {Without rooks on the board ,
black can't hold the f7P.The difference between the bishops is huge,it is like
white plays with extra bishop. The best black can wish is exchanging the
queens and look for escape in opposite coloured bishops ending.I think that
giving up the game is a bit too soon though.} (29. Rd7 $1 Rxd7 30. Qxd7 $18 {
[%csl Rf7]} h5 (30... Kg8 31. Qe8+ Kh7 32. Bxf7 $18 {[%cal Ge8g8]}) 31. Bxf7 (
31. Qxf7 Qxf7 32. Bxf7 Kh6 33. f4 Bc3 34. Be8 $18 {Should be easily winning
ending.}) 31... g6 32. Bd5+ Kh6 33. f4 Bc3 34. Qe8 $18) 1-0